Santa Teresa y Felipe II

Enregistré dans:
Détails bibliographiques
Auteur principal: Ciria y Nasarre, Higinio (Auteur)
Format: Livre
Langue:espagnol
Publié: Madrid Enrique Hernández 1900
Sujets:
Tags: Ajouter un tag
Pas de tags, Soyez le premier à ajouter un tag!

MARC

LEADER 00000nam a2200000 a 4500
001 UCI4395
003 CL-VaPUC
008 080118e19000000SP |||||||||||||||||spa|d
082 0 4 |a 922.22  |b CIR  |2 21 
100 0 |a Ciria y Nasarre, Higinio  |e author  |9 526296 
245 1 0 |a Santa Teresa y Felipe II 
300 |a 448 p 
942 |c BK 
945 |d 20080118 00:00:00  |a rbrito 
260 |a Madrid  |b Enrique Hernández  |c 1900 
500 |a Donación Padres Capuchinos 
600 0 7 |a SANTA TERESA DE JESUS  |2 CL-VaPUC  |9 313710 
600 0 7 |a FELIPE II  |2 CL-VaPUC  |9 314006 
650 0 |a Biografías  |9 255210 
650 0 |a Vida religiosa  |9 257284 
650 0 |a Correspondencia  |9 258963 
651 0 |a España  |9 254926 
583 |a last modification  |c 20080118 00:00:00  |k Rodrigo Vera 
999 |c 328337  |d 328335 
952 |0 0  |1 0  |4 0  |6 922_220000000000000_CIR_1900  |7 0  |8 X  |9 412201  |a FDOBUD  |b FDOBUD  |d 2019-11-22  |i 4402499  |o 922.22 CIR 1900  |p 4402499  |r 2019-11-22  |w 2019-11-22  |y BK_X  |k BUD